| 000 | 00472 a2200169 4500 | ||
|---|---|---|---|
| 003 | OSt | ||
| 005 | 20240905123013.0 | ||
| 008 | 231018b |||||||| |||| 00| 0 eng d | ||
| 020 | _a9789774294771 | ||
| 040 | _coclc | ||
| 082 |
_a297.09 _bAME/L |
||
| 100 |
_aAmeer, Ahmad _910499 |
||
| 245 |
_aLUHRUL ISLAMI / _cAhmad Ameer |
||
| 260 |
_aCairo: _bAl -Taqwa printing, _c2018. |
||
| 300 | _a464p. ; | ||
| 942 |
_2ddc _cBK _h297.09 _iAME/L _k297.09 _mAME/L |
||
| 999 |
_c42667 _d42667 |
||